1113 1342 1442 1001 1323 1553 1700 1991 1655 1107 1376 1926 1494 1611 1465 1132 1369 1759 1154 1332 1969 1728 1451 1013 1936 1636 1833 1522 1453 1771 1544 1497 1378 1724 1015 1010 1943 1651 1456 1499 1786 1703 1697 1946 1357 1069 1620 1814 1821 1530 1595 1820 1278 1931 1134 1125 1565 1539 1052 1413 1201 1310 1047 1819 1662 1704 1890 1794 1994 1904 1154 1049 1857 1982 1072 1319 1877 1094 1752 1793 1263 1670 1020 1322 1187 1142 1254 1060 1780 1020 1436 1126 1968 1237 1134 1133 1526 1551 1266 BCNSPRNW ULIB Ver.6.0+V

เปลี่ยนเป็นภาษาไทย

Change to English
 แสดงรายละเอียดบรรณานุกรม
  กลับหน้าหลัก

Brief Record : Get Marc (ISO 2709) : E-mail record : QR code < ปิดหน้าต่าง
LEADER : 00000nam 2200000uu 4500
001    13399115114
003     ULIB
008    120710s2549||||th 000 0 tha d
020    ^a9789749869642
050 04 ^aAG196^bน625W 2549
100 0  ^aนิภาพัชร์ ปิ่นสุวรรณ
245 10 ^aWhen? รู้รอบเหตุการณ์สำคัญของโลก /^cนิภาพัชร์ ปิ่นสุวรรณ
250    ^aพิมพ์ครั้งที่ 1
260    ^aกรุงเทพฯ :^bอักษรเจริญทัศน์,^c2549
300    ^a191 หน้า :^bภาพประกอบ
440  0 ^aหนังสือเสริมการเรียนรู้ ชุด สรรพ์สาระของโลก
650  7 ^aเหตุการณ์ของโลก
650  7 ^aประวัติศาสตร์โลก
945    ^p0^l0^i24861
995    ^aกัณชพร
999    ^aใช้งานได้ทุกระบบ
รายการนี้ยังไม่มีแท็ก
คุณยังไม่ได้ล็อกอิน คุณสามารถมีกิจกรรมร่วมกับเว็บไซต์ได้ แต่ต้องล็อกอินก่อน ::
  ล็อกอิน

รายการสื่อสารสนเทศ

ลำดับที่ ประเภท เลขเรียก/บาร์โค้ด สถานที่ สถานะ
- ไม่พบข้อมูล -

รายการใกล้เคียง
    ผู้แต่ง [นิภาพัชร์ ปิ่นสุวรรณ]

    หัวเรื่อง [เหตุการณ์ของโลก]
    หัวเรื่อง [ประวัติศาสตร์โลก]

BibComment


ยังไม่เคยถูกคอมเมนท์

คอมเมนท์ทรัพยากรรายการนี้
  คอมเมนท์: When รู้รอบเหตุก..

สมาชิกที่บันทึกรายการนี้ไว้ในรายการโปรด
จิรวรรณ พวงสมบัติ

 Copyright 2026. Bcnsprnw @Library